Statistics for Largest City on Every Continent A-Z

Click here to take the quiz!

General Stats

  • This quiz has been taken 2,641 times
  • The average score is 77 of 156

Answers on the Map

Answers color-coded by a green-red scale on the quiz's map according to % correct below.
Loading ...
 

Answer Stats

ContinentLetterPopulationCity% Correct
North AmericaN22.4 milNew York City
95%
EuropeL14.7 milLondon
95%
EuropeM17.2 milMoscow
94%
EuropeP11.4 milParis
93%
North AmericaL17.8 milLos Angeles
93%
North AmericaM22.8 milMexico City
92%
AsiaT40.2 milTokyo
92%
OceaniaS4.91 milSydney
91%
North AmericaC9.75 milChicago
90%
EuropeR3.58 milRome
90%
AfricaC18.2 milCairo
90%
AsiaB20.0 milBeijing
90%
South AmericaR13.1 milRio de Janeiro
89%
EuropeI15.8 milIstanbul
87%
North AmericaB7.60 milBoston
87%
North AmericaS7.85 milSan Francisco
87%
AsiaD28.4 milDelhi
87%
South AmericaB16.1 milBuenos Aires
86%
EuropeB4.70 milBarcelona
86%
North AmericaV2.75 milVancouver
86%
EuropeS5.60 milSaint Petersburg
86%
EuropeK3.45 milKiev
85%
North AmericaW8.40 milWashington
85%
South AmericaL9.90 milLima
85%
EuropeA3.38 milAthens
85%
North AmericaT7.35 milToronto
84%
AsiaJ30.6 milJakarta
84%
North AmericaH6.35 milHouston
84%
EuropeW2.30 milWarsaw
84%
AsiaS35.9 milShanghai
84%
South AmericaS22.2 milSão Paulo
83%
North AmericaD6.90 milDallas
83%
OceaniaM4.89 milMelbourne
83%
OceaniaP2.04 milPerth
83%
OceaniaA1.40 milAuckland
82%
AsiaM25.2 milManila
82%
AfricaJ13.7 milJohannesburg
82%
AfricaL18.8 milLagos
81%
EuropeC1.33 milCopenhagen
81%
EuropeV2.25 milVienna
80%
North AmericaA5.70 milAtlanta
80%
EuropeG1.66 milGlasgow
80%
AfricaA5.85 milAlexandria
80%
AsiaO17.7 milOsaka
80%
EuropeN4.23 milNaples
79%
South AmericaC3.75 milCaracas
78%
EuropeZ1.41 milZurich
78%
North AmericaP7.35 milPhiladelphia
76%
EuropeF3.28 milFrankfurt
76%
AfricaD5.90 milDar es Salaam
76%
AsiaR7.75 milRiyadh
76%
AsiaG45.6 milGuangzhou
76%
North AmericaO3.38 milOrlando
75%
EuropeH1.84 milHamburg
75%
South AmericaQ2.68 milQuito
75%
AfricaN5.95 milNairobi
74%
AfricaK12.0 milKinshasa
72%
OceaniaB2.43 milBrisbane
71%
OceaniaH0.34 milHonolulu
71%
AfricaR2.03 milRabat
70%
AfricaT2.63 milTunis
70%
North AmericaE0.97 milEdmonton
69%
AsiaK17.3 milKarachi
69%
North AmericaJ1.42 milJacksonville
67%
OceaniaC0.46 milCanberra
67%
EuropeT1.67 milTurin
66%
North AmericaI1.98 milIndianapolis
65%
South AmericaA2.28 milAsuncion
64%
North AmericaG5.25 milGuadalajara
64%
AsiaC10.7 milChennai
63%
OceaniaD0.13 milDarwin
61%
EuropeO1.19 milOdessa
59%
AsiaL12.6 milLahore
59%
AsiaW8.10 milWuhan
58%
North AmericaK1.98 milKansas City
57%
AsiaH9.20 milHyderabad
56%
AfricaH2.35 milHarare
55%
South AmericaM3.95 milMedellín
55%
AsiaX9.90 milXiamen
51%
AsiaY5.50 milYangon
51%
AfricaM2.88 milMaputo
51%
AsiaN10.5 milNagoya
50%
AfricaB3.25 milBamako
50%
AfricaF1.72 milFreetown
49%
AfricaO2.53 milOuagadougou
49%
AsiaA8.00 milAhmedabad
49%
North AmericaR1.63 milRaleigh
49%
AfricaY3.30 milYaoundé
48%
EuropeE0.58 milEssen
47%
EuropeY1.62 milYekaterinburg
45%
AsiaU3.98 milÜrümqi
45%
EuropeD1.44 milDonetsk
40%
North AmericaF0.53 milFresno
40%
South AmericaG3.13 milGuayaquil
40%
South AmericaP4.10 milPorto Alegre
38%
South AmericaF3.65 milFortaleza
37%
AsiaP6.70 milPune
36%
OceaniaG0.69 milGold Coast
35%
AfricaG0.46 milGaborone
35%
AsiaQ5.95 milQingdao
33%
South AmericaV2.00 milValencia
29%
AsiaI3.15 milIsfahan
29%
EuropeU1.13 milUfa
29%
AsiaZ5.35 milZhengzhou
25%
AsiaF4.25 milFuzhou
25%
AfricaI3.48 milIbadan
24%
EuropeJ0.21 milJerez de la Frontera
23%
OceaniaN0.49 milNewcastle
22%
North AmericaY0.09 milYuma
22%
AsiaE1.07 milErbil
21%
South AmericaN1.40 milNatal
20%
EuropeQ0.06 milQuimper
19%
AfricaP2.28 milPort Harcourt
19%
OceaniaT0.18 milTownsville
18%
OceaniaW0.26 milWollongong
17%
EuropeX0.05 milXánthi
15%
OceaniaQ0.01 milQueenstown
14%
South AmericaT0.98 milTrujillo
12%
OceaniaR0.07 milRockhampton
11%
OceaniaI0.04 milInvercargill
11%
South AmericaI0.42 milIquitos
11%
North AmericaQ1.40 milQuerétaro
11%
AsiaV2.18 milVadodara
10%
OceaniaL0.14 milLae
9%
South AmericaJ0.81 milJoão Pessoa
8%
AfricaE0.80 milEnugu
8%
North AmericaX0.46 milXalapa
8%
OceaniaK0.02 milKalgoorlie-Boulder
8%
AfricaS0.81 milSokoto
7%
AfricaQ0.24 milQuelimane
7%
AfricaW0.91 milWarri
7%
AfricaX0.13 milXai-xai
7%
AfricaZ0.89 milZaria
7%
South AmericaU0.67 milUberlândia
7%
South AmericaK0.02 milKourou
6%
South AmericaO0.26 milOruro
6%
OceaniaO0.04 milOrange
6%
OceaniaZ728Zeehan
6%
North AmericaZ0.15 milZamora
6%
North AmericaU0.28 milUruapan
6%
AfricaU0.44 milUyo
6%
South AmericaE0.15 milEsmeraldas
5%
OceaniaF0.02 milFaaa
5%
OceaniaY0.01 milYeppoon
5%
OceaniaX20Xantippe
5%
OceaniaE0.02 milEchuca
5%
South AmericaD0.23 milDivinópolis
5%
AfricaV0.37 milVereeniging
5%
South AmericaH0.44 milHuancayo
5%
OceaniaV0.02 milVictor Harbor
4%
South AmericaZ0.12 milZipaquirá
4%
OceaniaU0.04 milUpper Hutt
4%
South AmericaX0.04 milXanxere
4%
South AmericaY0.15 milYopal
4%
OceaniaJ0.01 milJimboomba
3%
South AmericaW0.008 milWestelijke Polders
3%

Score Distribution

Percentile by Number Answered

Percent of People with Each Score

Your Score History

You have not taken this quiz